00353nam a2200133Ia 4500003000400000008004100004020002400045040000800069100002600077245006800103260002800171300000700199365001300206LDD181029s9999 xx 000 0 und d a313329699cP 125.00 cLDD aDitmore, Melissa Hope 0aEncyclopedia of prostitution and sex workcMelissa Hope Ditmore aLondonbGreenwoodc2006 a2v bP 125.00